01243nam a22001457a 4500999001900000008004100019100004700060245006200107260002000169300003300189520074000222773002000962942000700982952010800989 c531537d531537250912b ||||| |||| 00| 0 eng d aGupta, Alok Kumar and Arpit, Kumar 956736 aTrump, tariff and BRICS: Comprehending Indo-US relations  aThird concept  a39(463), Sep, 2025: p. 12-15 aBRICS has emerged as the major cause of irritation for American President Donald Trump during his second stint at oval office. Major contention being that the BRICS members are endeavoring to de dollarization over the last few years. It simply means the group is threatening dollar as currency of international trade and commerce but not clear as to with which currency. Ruble, Rupees or Rimini, or is it that BRICs with it New development bank is trying to create a new facilitator of fiancé fort international trade. Nothing is cellar in this quagmire of Trump standing like a gladiator with swords of enemies and threading the dollar as currency of international ride. Worlds reserve currency and economic exchange. – Reproduce  aThird concept  cAR 00102ddc40709406732aIIPAbIIPAd2025-09-12h39(463), Sep, 2025: p. 12-15pAR137215r2025-09-12yAR